书目信息 |
| 书名: | Is blood thicker than water? | |
| 作者: | James M. McPherson. | |
| 分册号: | ||
| 分册名: | 出版地: | New York : |
|
| 出版社: | Vintage Books | |
| 出版时间: | 1999. | |
| 页数: | p. cm. | |
| 开本: | ||
| 丛书名: | ||
| 中图分类号: | ||
| 科图分类号: | ||
| 其他分类号: | D562 | |
| 主题词: | ||
| 电子资源: | http://www.loc.gov/catdir/bios/random059/99011781.html http://www.loc.gov/catdir/description/random042/99011781.html | |
| 000 | 01486cam a22003618a 450 | |
| 001 | E0738450257 | |
| 005 | 20070505104224.51 | |
| 008 | 990104s1999 nyu b 000 0 eng | |
| 010 | @a99011781 | |
| 020 | @a0375704280. | |
| 035 | @A(DLC) 99011781 | |
| 040 | @aDLC@cDLC@dDLC | |
| 043 | @an-cn-qu@an-us---@an-cn--- | |
| 050 | 00 | @aF1053.2@b.M4 1999 |
| 082 | 00 | @a971.4/04@2 21 |
| 090 | @aD562 | |
| 099 | @dD562@eX14 | |
| 100 | 1 | @aMcPherson, James M. |
| 245 | 10 | @aIs blood thicker than water? :@bcrises of nationalism in the modern world / @cJames M. McPherson. |
| 260 | @aNew York :@bVintage Books,@c1999. | |
| 263 | @a9905 | |
| 300 | @ap. cm. | |
| 504 | @aIncludes bibliographical references. | |
| 650 | 0 | @aSectionalism (United States)@xHistory@y19th century. |
| 650 | 0 | @aNationalism@zCanada@xHistory@y20th century. |
| 651 | 0 | @aQue?bec (Province)@xHistory@xAutonomy and independence movements. |
| 651 | 0 | @aUnited States@xHistory@yCivil War, 1861-1865@xCauses. |
| 651 | 0 | @aCanada@xEthnic relations. |
| 856 | 42 | @3 Contributor biographical information@uhttp://www.loc.gov/catdir/bios/random059/99011781.html |
| 856 | 42 | @3 Publisher description@uhttp://www.loc.gov/catdir/description/random042/99011781.html |
| 906 | @a7@brix@corignew@d1@eocip@f19@gy-gencatlg | |
| 955 | @apb05 to la00, 01-04-99; lg23 to AA 01-07-99; lh02 01-08-99 to subj.; lk29 (F1053.2) 01-13-99; to SL 01-13-99; lk02 01-14-99 | |
| 963 | @aBarbara Richard, (212) 940-7842 | |
| Is blood thicker than water? : : crises of nationalism in the modern world / / James M. McPherson.-New York : : Vintage Books, , 1999. |
| p. cm. |
| Includes bibliographical references. |
| ISBN 0375704280. |
| ● |
| 相关链接 |
|
|
|
|
正题名:Is blood thicker than water?
索取号:D562/X14
 
预约/预借
| 序号 | 登录号 | 条形码 | 馆藏地/架位号 | 状态 | 备注 |
| 1 | 0006761 | 300067610 | 第二样本阅览室/ [索取号:D562/X14] | 在馆 |